00333nam a2200169Ia 4500003000900000008004100009040001300050040001300063041000800076100001600084245001500100250001200115260000800127300000800135490001400143490000600157IT-RoPAU120407s9999 xx 000 0 und d aIT-RoPAU cIT-RoPAU aita aJ. Huysmans aPer strada aMilano  aBur c cm aBur 1697 v1